00806cam a22002531a 450000100060000000300080000600500170001400800390003103500190007003500180008904000370010704100080014408200200015210000250017224500690019726001240026630000260039049000460041650400200046265000260048265000160050865000150052465000130053917408BD-RjUL20211209000132.0140216s1960 miu b 001 0 eng a(BD-RjUL)17466 a(OCoLC)246408 aDLCcODaWUdOCoLCdDFTdDLCbeng aeng a658.8bDIP 19601 aDixon, Brian,d1930-10aPrice discrimination and marketing management /cby Brian Dixon. aAnn Arbor [Mich.] :bBureau of Business Research, School of Business Administration, The University of Michigan,c1960. a[v], 124 p. ;c23 cm.1 aMichigan business studies ;vv. 15, no. 1 aIncludes index. 0aPrice discrimination. 0aManagement. 0aMarketing. 0aPricing.